[Event "WchT 4th"]
[Site "Luzern"]
[Date "1997.11.02"]
[Round "9.3"]
[White "Lputian, Smbat G"]
[Black "Sadler, Matthew D"]
[Result "1-0"]
[WhiteElo "2585"]
[BlackElo "2665"]
[Annotator "Ribli,Z"]
[PlyCount "73"]
[EventDate "1997.10.25"]
[EventType "team-tourn"]
[EventRounds "9"]
[EventCountry "SUI"]
[SourceTitle "CBM 062"]
[Source "ChessBase"]
[SourceDate "1998.01.31"]
[SourceVersion "1"]
[SourceVersionDate "1998.01.31"]
[SourceQuality "1"]
[WhiteTeam "Armenia"]
[BlackTeam "England"]
[WhiteTeamCountry "ARM"]
[BlackTeamCountry "ENG"]

{Stohl: This game was the only decisive encounter in the Armenia-England match
in the last round and gave the Armenians the bronze medal. Ribli: Es ist
interessant, daß der armenische GM seinen Lieblingszug l.d4 verschmähte.
Vielleicht hatte er vor etwas Bestimmtem im Damengambit Angst.Ribli.} 1. Nf3 {
Ftacnik Lputian Stohl} d5 2. g3 {Lputjan seemingly doesn't want to test Sadler
in a Queen's Gambit Accepted.} Nf6 3. Bg2 e6 {Natürlich ist das ein ganz
normaler Zug, aber 3...c6 scheint mir besser.} 4. O-O Be7 5. c4 O-O 6. d4 dxc4
{Jetzt haben wir den offenen Katalaner auf dem Brett. Die Idee von Schwarz ist,
die Entwicklung zu beenden, während Weiß den Bauern zurückgewinnt.} 7. Qc2 {
Stohl: The main move.} ({Alternatives, such as} 7. Na3 {Stohl or}) (7. Ne5 $5 {
Stohl Stohl: have their periods of popularity, but on the whole are played
less often.}) 7... a6 8. a4 {Diese Variante ist sehr populär in der
Turnierpraxis.} ({Stohl: According to current theory less ambitious is} 8. Qxc4
{Stohl} b5 9. Qc2 Bb7 $11) 8... Bd7 (8... c5 {Stohl} 9. dxc5 Nc6 10. Na3 $1 $14
) 9. Qxc4 (9. Rd1 $143 {Stohl} Bc6 10. Nc3 Bxf3 11. Bxf3 Nc6 12. Bxc6 bxc6 13.
Bg5 Rb8 14. e3 Nd7 15. Bxe7 Qxe7 16. Ne4 Rb4 17. Nd2 c5 18. Nxc4 Rfb8 19. Rac1
h6 20. dxc5 Nf6 21. Ne5 Rxb2 22. Qc4 Nd5 23. e4 Ne3 $1 24. fxe3 Qg5 $17 {
Dizdar,G-Sadler,M/EU-chT Pula/1997/}) (9. Ne5 {Stohl} Bc6 10. Nxc6 Nxc6 11. e3
(11. Bxc6 bxc6 12. Qxc4 Qd5 $1 $10) 11... Na5 12. Nd2 c5 $11) 9... Bc6 10. Bg5
(10. Nc3 $6 b5 $15 (10... b5 {Stohl} 11. Qd3 b4 12. Nb1 Be4 13. Qd1 c5 $36))
10... a5 {[%csl Rb4][%cal Gb8a6,Ga6b4] Stohl: The first important theoretical
crossroad. Das ist die Hauptidee von Schwarz. Sein Springer zielt nach b4, wo
er einen ewigen Stützpunkt einnimmt.} ({Stohl: A solid and viable alternative
is} 10... Bd5 {Stohl} 11. Qd3 Be4 (11... c5 $5 12. dxc5 Nbd7 13. Nc3 Nxc5 14.
Qe3 Qa5 15. Nxd5 Nxd5 16. Qa3 Bxg5 17. Nxg5 h6 18. Rfc1 Nd7 19. Bxd5 Qxd5 20.
Rd1 Qxg5 21. Rxd7 b5 22. Rad1 Rad8 23. Rxd8 Rxd8 24. Rxd8+ Qxd8 25. axb5 Qd1+
$11 {Portisch,L-Ribli,Z/HUN-chT 9798/1997/}) 12. Qe3 Nbd7 13. Nc3 Bc6 14. Qd3
Bb4 15. Rfe1 Bxf3 $1 16. Qxf3 c6 17. Red1 Qa5 18. h4 h6 19. Bd2 e5 20. Be1 Rfe8
21. e3 Rad8 $132 {Beliavsky,A-Almasi,Z/Ubeda/1997/}) 11. Nc3 Na6 ({Stohl: An
original idea was tested by Granda:} 11... Ra6 $5 {[%csl Rb4] Stohl} 12. e3 Rb6
13. Qe2 Nbd7 14. Rfd1 Ne4 15. Bxe7 Qxe7 16. Qc2 Nxc3 17. bxc3 Bd5 18. Rab1 Rxb1
19. Rxb1 $13 {1/2,Salov,V-Granda,J/Wijk/1997/ Stohl: But in most cases Black
exploits the weakened b4-square by occupying it with his N.}) (11... Ra6 $5 {
Lputian Salov-Granda Zuniga (Wijk aan Zee 1997; Schach plus 97/3)}) 12. Bxf6 $5
{Stohl: Keeping the ^^ doesn't promise White anything tangible. Weiß gibt sein
Läuferpaar auf, bekommt dafür aber freie Hand im Zentrum. Es ist fraglich, was
Schwarz mit seinem Läuferpaar in dieser eher geschlossenen Stellung
auszurichten vermag.} (12. Rac1 Qd6 (12... Bxf3 13. Bxf3 c6 (13... c6 14. e4
Nd7 15. Be3 Bg5 $132)) (12... Bd5) (12... Nb4 {Stohl} 13. Rfd1 Rc8 14. Ne5 $6
Bd5 $1 15. Nxd5 exd5 16. Qb5 c6 17. Qxb7 Rb8 18. Qa7 Ra8 19. Qb7 $11 {1/2,
Stohl,I-Rozentalis,E/BL 199495/1995/})) 12... Bxf6 13. e4 Nb4 14. Rfd1 {
Stohl: A well balanced position typical for many modern openings. White
controls the [+] and has a space advantage, on the other hand Black's set-up
is very solid and his ^^ can be potentially strong.} Ra6 $6 {Stohl: Sadler
tries to copy Granda's maneuver, but with the N already on b4 the R will be
misplaced. Dieser Zug gefällt mir nicht. Meiner Meinung nach hat der schwarze
Turm keine Zukunft auf a6 oder b6.} (14... g6 $5 {Ich empfehle diesen Zug, s.
Akesson - Stefansson,Reykjavik 1997. Die Idee dieses Zuges ist klar: Schwarz
möchte Bg7 und möglicherweise f7-f5 ziehen, mit aktivem Gegenspiel.}) (14...
Rb8 15. Rac1 Qd7 16. b3 Rfd8 {Karpov,A. - Polgar,J. Dos Hermanas 1997, mit
späterem Remisschluß, aber mit kleinem Vorteil für Weiß.}) (14... b6 {Mit der
Idee l5...Bb7 ist auch möglich.}) (14... Rc8 $142 {Stohl} 15. Rac1 b6 16. d5
exd5 17. exd5 Bb7 18. Nd4 Ba6 19. Ncb5 Qd7 20. Qb3 Bg5 21. Rc4 Rfd8 22. Bf3 g6
23. Nc6 Nxc6 24. dxc6 Qe6 $11 {Yevsejev,A-Bojkovic,N/Groningen op/1995/}) ({
Stohl: Also possible is the immediate} 14... b6 $5 {Stohl} 15. Rac1 Bb7 $13)
15. Rac1 $14 {Weiß hat Raumvorteil und eine starke Zentrumsstellung. Der
stolze Nb4 steht wirklich schön, aber es fehlen ihm die rechten Zielpunkte.} (
15. Rd2 Rb6 16. Qc5 Be7 17. Qc4 Bf6 18. Qe2 Qe8 19. Qe3 Na6 20. Bf1 Bd7 21. Qf4
c5 22. e5 Be7 23. Bb5 $1 Nb8 24. d5 $1 exd5 25. Nxd5 Rh6 26. Re1 Bd8 27. Nf6+
Bxf6 28. exf6 Qc8 29. fxg7 Kxg7 30. Bxd7 {1-0 Badea,B-Brumen,D/CRO-chT2 1995/
EXT 97}) (15. h4 $142 $5 {Lputian} Rb6 16. Rd2 Na6 17. Qe2 Rb4 18. Qd1 $16)
15... Rb6 16. h4 {Weiß gewinnt mit diesem Zug Raum am Königsflügel und
bereitet das eventuelle Springermanöver Nh2-g4 oder -falls möglich - Ng5 vor.}
(16. Qe2 $142 $5 $36 {Stohl}) 16... h6 {Stohl: Black will regret this
weakening later on.} ({More consistent was} 16... Na6 $142 $5 {Stohl} 17. Rd2 (
17. e5 Be7 18. d5 exd5 19. Nxd5 Bxd5 20. Rxd5 Qe8 $132) (17. d5 $5 {Lputian}
Rb4 18. Qa2 exd5 19. e5 Be7 20. Nd4 Nc5 (20... Bc5 21. Nc2 d4 22. Bxc6 bxc6 23.
Ne4 $16) 21. Nc2 $1 d4 (21... Nb3 22. Rb1) (21... Rb6 22. Bxd5) 22. Bxc6 bxc6
23. Nxb4 axb4 24. Ne2 b3 25. Qb1 (25. Qa3 Nd3 26. Qxb3 Nxc1 27. Nxc1 $16) 25...
d3 26. Rd2 dxe2 27. Rxd8 Rxd8 28. Re1 Rd2 29. a5 $16) 17... Rb4 18. Qe2 $142 (
18. Qa2 Bxd4 $1 19. Rcd1 e5 20. Nxe5 Qf6 21. Ng4 (21. Nxc6 bxc6 $36) 21... Qg6
$11) 18... Bxa4 (18... Bxd4 $6 19. Qd1 $1 (19. Rcd1 $143 e5 20. Nxe5 Bxa4 $1
$13) 19... e5 20. Nxe5 Qf6 21. Nd7 $1 Bxd7 22. Nd5 $16 {Stohl: wins an
exchange.}) 19. e5 Be7 20. d5 $5 $44 {[%csl Gd5,Ge5] [+]}) (16... h5 $5 {
Lputian >< g4}) 17. Qe2 {Die Dame stand auf c4 zu exponiert.} Re8 (17... Na6 {
Stohl} 18. Rd2 Rb4 19. Qd1 Qe8 20. b3 $16 {leads nowhere.}) (17... Ra6 $142 $5
{Stohl Stohl: attempting to get the R back into the game before it's too late.}
) 18. Rd2 {Weiß möchte 19.Rcd1 oder 19.Qd1 spielen und den Bauernvorstoß d4-d5
vorbereiten. Schwarz findet zu seinem Unglück kein Gegenspiel.} Qd7 (18... Qb8
19. b3 Rd8 $14 {Der Plan 19...Qa7, 20...Qa6 wäre wegen des späteren Bf1nicht
so gut .}) 19. Qd1 {/\d5 Stohl: Model strategy by White. He consolidates his
position in the center before starting action anywhere else.} Qd8 {Dieses
"Damenmanöver" Qd8-d7-d8 weist darauf hin, daß Schwarz Probleme hat.} (19...
Rd8 {Ftacnik} 20. b3 $11) 20. Nh2 {[%cal Gh2g4] Es ist bemerkenswert, daß der
weiße Springer einen langen Marsch beginnt.} (20. Ne5 $6 {Stohl} Bxe5 {Stohl:
would help Black. Lputjan gets his N to e5 in a cleverer way.}) 20... Be7 (
20... g6 $143 {Stohl} 21. h5 g5 22. Ng4 Bg7 23. f4 $36 (23. e5 $5 $40 {[%csl
Rf6,Rg6,Rg8,Rh6] ע,>>}) (23. e5 $16 {Lputian})) 21. Ng4 Rf8 {Stohl: Looses
time to create a passive retreat for the B. Schwarz räumt das Feld e8 für
seinen Läufer und befolgt das Prinzip: "Es ist nicht wichtig, daß das
Läuferpaar zur Wirkung kommt, wichtig ist, daß es sich auf dem Brett befindet."
} (21... Ra6 $142 $16 {Stohl}) (21... Bd6 $5 $16 {Stohl}) 22. Ne5 (22. Ne3 {
Lputian} Ra6) 22... Be8 (22... Ra6 {Lputian}) 23. Bf1 {Stohl: Dominates
Black's R.} Rd6 {/\c6} (23... f6 $6 {Dieser Zug wäre wegen der Schwächung des
Königsflügels schlecht.}) (23... c6 $6 {Stohl Stohl: prevents the central
break, but completely immobilizes Rb6.}) 24. Nc4 {[%csl Ra5,Rd6]} Ra6 {Ich
habe den Eindruck, daß der schwarze Turm auf der sechsten Reihe keine Ruhe
findet.} (24... Rd7 $2 {Stohl} 25. Nxa5 $18) 25. Ne3 Ra8 (25... Rd6 $5 {Stohl}
26. f4 $5 $36 {()} (26. d5 exd5 27. e5 Rd7 28. Bh3 c6 $1 $44)) 26. d5 $1 e5 {
Der einzige Zug, aber jetzt befindet sich Schwarz in einer sehr passiven
Stellung.} (26... exd5 27. Ncxd5 Nxd5 28. Nxd5 $16 {[%csl Gd5][%cal Gd2d8]} (
28. Nxd5 {Stohl} Bc6 (28... c6 {Ftacnik} 29. Nf6+ Bxf6 30. Rxd8 Rxd8 31. Qc2
$16) 29. e5 $1 $16 (29. Nb6 cxb6 $1 $132) (29. Nf6+ Bxf6 30. Rxd8 Rfxd8 $44)) (
28. Rxd5 $5 {[%cal Re3f5] /\Nf5->})) (26... Qc8 {Stohl} 27. Bh3 $1 $16) (26...
Qd6 {Lputian} 27. Bb5) 27. Nf5 {[%csl Gf5]} Bc5 (27... Bd7 {Stohl} 28. d6 cxd6
29. Nxd6 {[%cal Rd6b7,Rd6f7] /\Nf7,Nb7 Stohl: loses at least a pawn.}) (27...
Bd6 {Stohl} 28. Qg4 (28. Bb5 {Lputian}) 28... Qf6 29. Bb5 $36 {is very passive.
}) ({Stohl: Black's last chance was} 27... Kh7 $5 {Stohl} 28. Bb5 g6 $16) 28.
Bb5 $1 $16 {Ftacnik: Exchange of the white squared bishop is the key to
success, black will be vulnerable on the squares he used to cover. Ein sehr
starker positioneller Zug. Der katalanische Läufer erscheint auf b5, und nach
dem folgendem Abtausch wird der Zug d5-d6 sehr stark. Ich möchte darauf
hinweisen, daß der schwarze Nb4 nichts leistet, während sein weißer Kollege
auf f5 die Partie entscheidet. Ftacnik: Der Abtausch der weissfeldrigem Läufer
ist entscheidend, weil Schwarz auf den weissen Feldern nun zu schwach ist.} Kh7
(28... b6 {Stohl} 29. Bxe8 Rxe8 30. Nb5 {[%cal Rd5d6,Rd1g4] Stohl: /\Qg4,d6->+-
} (30. Nb5 {Lputian} g6 31. Nxh6+ Kg7 32. Ng4 f5)) (28... Qf6 {Ftacnik} 29.
Bxe8 Raxe8 30. Nb5 $16) 29. Bxe8 Rxe8 (29... Qxe8 $2 {Stohl} 30. Nb5 $18 (30.
Nb5 {Ftacnik} Bb6 31. Nxc7 Bxc7 32. Rxc7 $18)) 30. Nb5 $5 {[%cal Gb5d6,Rb5c7]}
b6 $6 (30... Bd6 $8 31. b3 (31. Qg4 g6 32. Nfxd6 cxd6 33. Rc7 Re7)) (30... Bb6
{Stohl} 31. d6 c6 32. Nc7 $1 Bxc7 33. dxc7 Qxc7 (33... Qf6 34. Rd6 Re6 35. Rd8
Re8 36. Rxa8 Rxa8 37. Qd7 Qe6 38. Qxe6 fxe6 39. Nd6 $18) 34. Rd7 Qb6 35. Rxf7
$18 {->}) (30... Na6 $142 {Stohl} 31. d6 Bb4 $5 32. Rd3 $40) 31. d6 $1 {
Nach diesem natürlichen und dem folgenden, pointenreichen Zug findet sich
Schwarz in einer verlorenen Stellung wieder.} cxd6 (31... c6 32. Nc7 $18) (
31... Bxd6 {Ftacnik} 32. Nbxd6 cxd6 33. Rxd6 Qb8 34. Qh5 Kg8 35. Rxh6 $1 $18)
32. Rxc5 $1 {Stohl: This tactical solution wins by force Ein schönes
Qualitätsopfer von Lputian. Das Erscheinen des Turms auf der sechsten Reihe
und die leichte Kavallerie entscheiden die Partie im direkten Angriff.} (32.
Nbxd6 $143 {Stohl} Re6 33. Nxf7 Qf6 $16 (33... Qf6 {Ftacnik} 34. Rd7 $18))
32... bxc5 33. Rxd6 {[%csl Gd6,Rh7]} Qc8 (33... Qb8 34. Qh5 $18 (34. Qh5 {
Ftacnik} f6 (34... Kg8 35. Rxh6) 35. Rd7 $18)) 34. Qh5 $18 {/\Rh6 Black king
is obviously helpless against so many white pieces. Die Drohung ist 35.Rxh6
gxh6 36.Qxh6 nebst 37.Qg7 Matt. Ftacnik: Der schwarze König ist gegen den
Angriff so vieler weisser Figuren machtlos.} Ra6 (34... Re6 35. Qxf7 $18 {
[%cal Rf7e6,Rf7g7]}) (34... f6 35. Rxf6 gxf6 (35... Qd7 36. Qg6+ Kh8 37. Rf7
$18) 36. Qf7+ Kh8 37. Qg7#) (34... Kg8 {Stohl} 35. Rxh6 $1 gxh6 36. Qg4+ $18 (
36. Qxh6 {Lputian} Qxf5 37. exf5 $18)) 35. Qxf7 Rg8 36. Qg6+ Kh8 37. Rxa6 {
Und Schwarz muß aufgeben, denn es folgt 38.Nbd6 mit Gewinn.Ribli.} (37. Rxa6
Qxa6 (37... Nxa6 38. Nbd6 $18) 38. Nbd6 $18 (38. Nbd6 {Ftacnik} Qa7 39. Nf7+
$18)) 1-0

[Event "RUS-Cup01 Chigorin Memorial"]
[Site "St Petersburg"]
[Date "1997.11.05"]
[Round "5"]
[White "Polovodin, Igor A"]
[Black "Asrian, Karen"]
[Result "1/2-1/2"]
[WhiteElo "2440"]
[BlackElo "2515"]
[Annotator "Ribli,Z"]
[PlyCount "70"]
[EventDate "1997.11.01"]
[EventType "swiss"]
[EventRounds "9"]
[EventCountry "RUS"]
[SourceTitle "CBM 062"]
[Source "ChessBase"]
[SourceDate "1998.01.31"]
[SourceVersion "1"]
[SourceVersionDate "1998.01.31"]
[SourceQuality "1"]

1. d4 d5 2. c4 e6 3. Nf3 Nf6 4. g3 Be7 5. Bg2 O-O 6. O-O dxc4 {Das sogenannte
offene Katalanisch.Ribli.} 7. Qc2 a6 8. a4 Bd7 9. Qxc4 Bc6 10. Bf4 {Eine
relativ seltene Fortsetzung. Üblicher -und meiner Ansicht nach chancenreicher-
ist die Alternative 10.Bg5.} a5 {Das ist ein natürlicher und guter Plan für
Schwarz. Der Springer strebt das gute Feld b4 an.} 11. Nc3 Na6 12. Rfd1 {
Ich glaube, daß der Turm nach e1 gehört. Wenn Weiß die Variante mit 10.Bg5 und
11.Bxf6 spielt, dann ist die richtige Turmaufstellung in der Tat Rac1 und Rfd1,
aber ohne e2-e4 hat Weiß nichts davon.} (12. Rac1 Nb4 (12... h6 13. Rfe1 Bb4
14. Be5 Bxf3 15. Bxf3 c6 16. Red1 Qe7 $10 {= Kramnik,V-Lautier,J/Dortmund 1995}
) 13. Rfe1 Bd6 14. Bg5 (14. e3 Nfd5 15. Qe2 Nxf4 16. gxf4 f6 17. Kh1 Qe8 18. b3
e5 19. fxe5 fxe5 20. d5 e4 {Lautier,J-Beliavsky,A/Beograd 1995/1/2-1/2 (49)})
14... Bd5 15. Nxd5 exd5 16. Qb3 h6 17. Bxf6 Qxf6 18. e3 Rae8 19. Qd1 Re7 20.
Rc3 Rfe8 21. Qb1 c6 22. Rd1 Qe6 23. Nd2 Na6 24. Nb3 Bb4 25. Rcc1 Qd6 26. Qc2 {
Kasparov,G-Gelfand,B/Moscow PCA-GP 1996/EXP 52/1-0 (57)}) (12. Rfe1 Bd5 (12...
Nb4 13. Rac1 Bxf3 14. Bxf3 c6 15. e4 Qb6 16. Rcd1 Rfd8 17. Rd2 Rd7 18. h3 Rad8
19. Red1 h6 {1/2-1/2 Hulak,K-Kotronias,V/Pucarevo zt 1987 (36)}) 13. Qd3 Nb4
14. Qd1 Bxf3 15. Bxf3 Nfd5 16. Bc1 c6 17. e4 Nb6 18. Be2 c5 19. Be3 Rc8 20. Rc1
cxd4 21. Qxd4 Qxd4 22. Bxd4 Bc5 23. Bxc5 Rxc5 24. Red1 Rfc8 {1/2-1/2 Gabriel,
C-Arlandi,E/Makarska 1996 (57)}) (12. Rae1 Bb4 13. Bg5 h6 14. Bxf6 Qxf6 15. e4
Rfd8 16. Kh1 Be8 17. Rd1 Rac8 18. h3 Qe7 19. Rfe1 Nb8 20. Ne5 Nc6 21. Nxc6 Bxc6
22. Kh2 Qd7 23. b3 b6 24. Re3 Bxc3 25. Qxc3 Bb7 26. h4 c5 27. d5 exd5 28. exd5
Qd6 29. Rde1 Qf6 30. Qc2 g6 31. Re5 h5 32. f4 Rd6 33. Qd2 Rcd8 34. f5 {Bareev,
E-Short,N/Geneva Credit Suisse 1996/1-0 (53)}) 12... Nb4 $146 {Es ist
interessant, daß dieser natürliche Zug noch nicht gespielt wurde.} (12... Bd5
13. Nxd5 exd5 14. Qb3 Bb4 15. Ne5 h6 16. g4 c6 17. Kh1 Nd7 18. Qg3 g5 19. Bc1
Bd6 20. f4 f6 21. Nxd7 Qxd7 22. e4 {1/2-1/2 Sygulski,A-Sobura,H/POL-chT 1986/
EXT 86ch}) (12... h6 13. Rac1 Bd6 14. Be5 Bxe5 15. Nxe5 Bxg2 16. Kxg2 Qe7 17.
Nd3 Rfd8 18. e3 Nb4 {1/2-1/2 Stoll,F-Gerigk,E/BL2-S9697 1997/BL2-S}) {Das
Hauptproblem von Weiß besteht darin, daß er nicht so leicht e2-e4 durchsetzen
kann} 13. Ne5 {Wenn Weiss tauscht seinen katalanische Laeufer,er hat keine
Hoffnungen fuer Eroffnungsvorteil.Ribli.} (13. Rac1 $5) 13... Bxg2 14. Kxg2
Nfd5 $11 15. Nxd5 (15. e4 $5 Nxf4+ (15... f6 $5 16. Nf3 (16. exd5 exd5 17. Qb5
fxe5 $13) 16... Nxf4+ 17. gxf4 Qd6) (15... Nxc3 $2 16. bxc3 Na6 17. Rab1 $14)
16. gxf4) 15... Qxd5+ (15... exd5 $11) 16. Qxd5 Nxd5 (16... exd5 $11 {Schwarz
hat eine bequeme Stellung, er spielt c7-c6 nebst f7-f6 und bekommt in einigen
Varianten aktives Spiel am Damenflügel.}) 17. Bd2 Rfd8 18. Nc4 (18. e4 Nf6 {
[%csl Rd4,Re4]} 19. Bg5 h6 20. Bxf6 Bxf6 21. Nf3 $11) 18... Bb4 19. e4 Bxd2 20.
Rxd2 $14 {Dank seines Übergewichts im Zentrum -trotz der Schwäche auf b4- hat
Weiß einen kleinen Vorteil. Mit guten Zügen gelingt es Schwarz jedoch, die
Stellung zu halten.} Nb4 21. f3 {Bereitet den Königsmarsch ins Zentrum vor und
festigt die Bauernkette.} f6 22. Kf2 Rd7 23. Rad1 b6 {Schwarz muß seinen Ra8
befreien.} 24. d5 $5 exd5 (24... e5 $2 {Dieser Zug wäre ein gravierender
positioneller Fehler.} 25. d6 cxd6 26. Rxd6 Rxd6 27. Rxd6 {[%csl Rb6]}) 25.
exd5 Rad8 26. d6 {Es ist besser für Weiß, diesen Zug sofort auszuführen, sonst
kann der d-Bauer schwach werden.} (26. Ne3 Kf7) 26... cxd6 27. b3 $1 {Weiß hat
keine Eile. Zuerst einmal verbessert er seine Bauernstellung.} (27. Nxb6 Rc7
28. Rxd6 Rc2+ 29. Kg1 Rxd6 30. Rxd6 Rxb2 $11) (27. Rxd6 $6 Rxd6 28. Rxd6 $2 (
28. Nxd6 $15 {Die Feßlung auf der d-Linie ist unangenehm für Weiß.}) 28... Rxd6
29. Nxd6 Nd3+ 30. Ke3 Nxb2 $17) 27... d5 28. Nxb6 {Weiß hat die bessere
Bauernstruktur, aber da die schwarzen Türme aktiv werden, kann sich Schwarz
den Ausgleich sichern.} Rd6 29. Nc4 Rc6 $6 {Schwarz opfert einen Bauern für
Aktivität. Ich bin mir aber nicht ganz sicher, ob er vollwertiges Spiel dafür
bekommt.} (29... Ra6 30. Ne3 Rad6 31. Nf5 $14) 30. Nxa5 Rc3 31. Nc4 $6 (31. Rd4
Rc2+ (31... Ra8 32. Rxb4 $16) 32. R1d2 $16) (31. h3 Ra8 32. Rd4 Rxa5 33. Rxb4
Rc2+ 34. Ke3 $5 $16) (31. g4 Ra8 32. Rd4 Rxa5 33. Rxb4) 31... Rxb3 32. Ne3 d4
$5 (32... Ra3 33. Nxd5 Nxd5 34. Rxd5 Rxd5 35. Rxd5 Rxa4 $11) 33. Nf5 (33. Rxd4
$2 Nd3+ 34. R1xd3 Rxd3 $17) 33... d3 34. Rc1 {[%cal Gc1c7,Gc7h7]} g6 35. Ne3
Nd5 {Und in dieser völlig ausgegleichenen Stellung wurde remis gegeben.Ribli.}
(35... Nd5 36. Nxd5 Rxd5 37. Rcd1 Ra3 38. Ke3 Re5+ 39. Kf2 Rd5 $11) 1/2-1/2